000 01168naa a22003137a 4500
001 BR8805152
003 BR-BrBNA
005 20240918180304.0
007 ta
008 230509b bl.||||| |||| 00| 0 por d
040 _aBR-BrBNA
_bpor
_cBiblioteca Nacional de Agricultura
041 _a(Pt)
072 _aF30
_b1930
090 _aF30 BR8805152
100 1 _aJank, L.
100 1 _aSavidan, Y.H.
100 1 _aCosta, J.C.G.
111 1 _a3. Simposio sobre Producao Animal
_cCampo Grande, MS (Brazil)
_d21-25 Jul 1985
245 1 _aIntroducao e avaliacao do germoplasma de Panicum maximum
260 3 _aCampinas, SP (Brasil):
_c1986.
500 _aMariante, A. da S. (ed.) Anais do 3. Simposio sobre Producao Animal Campinas, SP (Brasil): 1986. p. 65-74 (BR8805152-AM)F30
650 _aMELHORAMENTO GENETICO VEGETAL
650 _aCAPIM COLONIAO
650 _aGRAMINEA FORRAGEIRA
650 _aGERMOPLASMA
773 0 _tAnais do 3. Simposio sobre Producao Animal
_aMariante, A. da S. (ed.). Fundacao Cargill, Campinas, SP (Brasil)
_wF30 BR8805152
_gCampinas, SP (Brasil), 1986. p. 65-74
909 _a202404
_bLucia
_c55
_dLucia Elande
942 _cAM
_2AGRIS
999 _c319606
_d319606